Winning market leadership : (Record no. 16015)

MARC details
000 -LEADER
fixed length control field 01400cam a2200349 a 4500
001 - CONTROL NUMBER
control field 12037898
003 - CONTROL NUMBER IDENTIFIER
control field MUT
005 - DATE AND TIME OF LATEST TRANSACTION
control field 20240606081347.0
008 - FIXED-LENGTH DATA ELEMENTS--GENERAL INFORMATION
fixed length control field 000612s2000 onca b 001 0 eng d
010 ## - LIBRARY OF CONGRESS CONTROL NUMBER
LC control number 00268125
015 ## - NATIONAL BIBLIOGRAPHY NUMBER
National bibliography number GBA0-33989
020 ## - INTERNATIONAL STANDARD BOOK NUMBER
International Standard Book Number 0471644307
035 ## - SYSTEM CONTROL NUMBER
System control number (OCoLC)ocm44059189
040 ## - CATALOGING SOURCE
Transcribing agency MUT
042 ## - AUTHENTICATION CODE
Authentication code lccopycat
050 00 - LIBRARY OF CONGRESS CALL NUMBER
Classification number HC 79.H53
Item number W56 2000
082 00 - DEWEY DECIMAL CLASSIFICATION NUMBER
Classification number 658.8/02
Edition information 21
245 00 - TITLE STATEMENT
Title Winning market leadership :
Remainder of title strategic market planning for technology-driven businesses /
260 ## - PUBLICATION, DISTRIBUTION, ETC.
Place of publication, distribution, etc. Toronto ;
-- Chichester :
Name of publisher, distributor, etc. Wiley Canada,
Date of publication, distribution, etc. c2000.
300 ## - PHYSICAL DESCRIPTION
Extent xviii, 309 p. :
Other physical details ill. ;
Dimensions 24 cm.
504 ## - BIBLIOGRAPHY, ETC. NOTE
Bibliography, etc. note Includes bibliographical references and index.
650 #0 - SUBJECT ADDED ENTRY--TOPICAL TERM
Topical term or geographic name entry element High technology
General subdivision Marketing.
650 #0 - SUBJECT ADDED ENTRY--TOPICAL TERM
Topical term or geographic name entry element Strategic planning.
650 #0 - SUBJECT ADDED ENTRY--TOPICAL TERM
Topical term or geographic name entry element Marketing
General subdivision Planning.
700 1# - ADDED ENTRY--PERSONAL NAME
Personal name Ryans, Adrian B.,
Dates associated with a name 1945-
856 42 - ELECTRONIC LOCATION AND ACCESS
Materials specified Contributor biographical information
Uniform Resource Identifier <a href="http://www.loc.gov/catdir/bios/wiley042/00268125.html">http://www.loc.gov/catdir/bios/wiley042/00268125.html</a>
856 42 - ELECTRONIC LOCATION AND ACCESS
Materials specified Publisher description
Uniform Resource Identifier <a href="http://www.loc.gov/catdir/description/wiley034/00268125.html">http://www.loc.gov/catdir/description/wiley034/00268125.html</a>
856 4# - ELECTRONIC LOCATION AND ACCESS
Materials specified Table of Contents
Uniform Resource Identifier <a href="http://www.loc.gov/catdir/toc/onix05/00268125.html">http://www.loc.gov/catdir/toc/onix05/00268125.html</a>
906 ## - LOCAL DATA ELEMENT F, LDF (RLIN)
a 7
b cbc
c copycat
d 2
e ncip
f 20
g y-gencatlg
942 ## - ADDED ENTRY ELEMENTS (KOHA)
Source of classification or shelving scheme Library of Congress Classification
Koha item type Books
Holdings
Withdrawn status Lost status Source of classification or shelving scheme Damaged status Not for loan Home library Current library Shelving location Date acquired Source of acquisition Total checkouts Full call number Barcode Date last seen Price effective from Koha item type
    Library of Congress Classification     Murang'a University of Technology Library Murang'a University of Technology Library General stacks 08/03/2018 Donation-TFC   HC 79.H53 W56 2000 019520 30/08/2024 08/03/2018 Books